Normal view
MARC view
- Hasanuzzaman Mirza
Entry Personal Name
001 - CONTROL NUMBER
- control field: 132535
003 - CONTROL NUMBER IDENTIFIER
- control field: NUST
005 - DATE AND TIME OF LATEST TRANSACTION
- control field: 20251223123433.0
008 - FIXED-LENGTH DATA ELEMENTS
- fixed length control field: 251223|| aca||aabn | a|a d
040 ## - CATALOGING SOURCE
- Original cataloging agency: NUST
- Transcribing agency: NUST
100 ## - HEADING--PERSONAL NAME
- Personal name: Hasanuzzaman Mirza
670 ## - SOURCE DATA FOUND
- Source citation: Work cat.: (NUST): Hasanuzzaman Mirza , Plant Ecophysiology and Adaptation under Climate Change: Mechanisms and Perspectives I, 2020
